| 000 | 00891nam a22002771 4500 | ||
|---|---|---|---|
| 001 | 27799 | ||
| 003 | BD-RjUL | ||
| 005 | 20211209051213.0 | ||
| 008 | 140327s1963 enk b 001 0 eng d | ||
| 035 | _a(BD-RjUL)27878 | ||
| 035 | _a(OCoLC)1396099 | ||
| 040 |
_aDLC _cOClU _dOCoLC _dDLC _dBD-RjUL _beng |
||
| 041 | _aeng | ||
| 082 | 0 | 0 |
_a914.551 _bMAS 1963 |
| 100 | 1 |
_aMartines, Lauro. _985332 |
|
| 245 | 1 | 4 |
_aThe social world of the Florentine humanists, 1390-1460 / _cLauro Martines. |
| 260 |
_aLondon : _bRoutledge & Kegan Paul Ltd., _c1963. |
||
| 300 |
_ax, 419 p. : _c22 cm. |
||
| 504 | _aBibliography: p. 381-397. and index. | ||
| 650 | 0 |
_aHumanists _zItaly _zFlorence. _985333 |
|
| 651 | 0 |
_aFlorence (Italy) _xIntellectual life _yTo 1500. _985334 |
|
| 651 | 0 |
_aFlorence (Italy) _xSocial life and customs. _985335 |
|
| 942 |
_2ddc _cBK |
||
| 999 |
_c27799 _d27799 |
||